00745nam a2200193 i 450000100060000000300090000600500170001500700030003200800410003510000190007624502150009526000820031030000220039274000370041474000310045174000240048285200240050685200210053029492ES-MaACL20230906154037.0t|030122s1888 sp ||||1| spa d1 aBark, Ernesto.10aEspaña y el extranjero b: estudios, comparaciones y franquezas literarias y políticas de un cosmopolita ; La política y los políticos ; La literatura y la prensa ; ¿Alemania-Francia? / cErnesto Bark. aMadrid : bBiblioteca de la Spanisch Deutsche Revue : bLa Publicidad,c1888. a110 p. ; c18 cm.3 aLa política y los políticos.3 aLa literatura y la prensa.0 a¿Alemania-Francia? aES-MaACLjT-480-F-6 aES-MaACLjD-2463